| 000 | 01292 a2200265 4500 | ||
|---|---|---|---|
| 003 | OSt | ||
| 005 | 20180116192354.0 | ||
| 008 | 120613t xxu||||| |||| 00| 0 eng d | ||
| 010 | _a 2008056013 | ||
| 020 | _a9780838757239 (alk. paper) | ||
| 020 | _a0838757235 (alk. paper) | ||
| 035 | _a(OCoLC)ocn298324412 | ||
| 040 | _c0 | ||
| 082 | 0 | 0 | _a709.2 |
| 100 | 1 |
_aGarciÌa de la Rasilla, Carmen, _94564 |
|
| 245 | 1 | 0 |
_aSalvador DaliÌ's literary self-portrait : _bapproaches to a surrealist autobiography / _cCarmen GarciÌa de la Rasilla ; translated by Fernando GonzaÌlez de LeoÌn. |
| 260 |
_aLewisburg [Pa.] : _bBucknell University Press, _cc2009. |
||
| 300 |
_a196 p. : _bill. ; _c25 cm. |
||
| 505 | 0 | _aList of illustrations -- Acknowledgments -- Introduction -- Story of the text -- Literary contexts and sources -- Structure and narrative in DaliÌ's autobiography -- Parodic devices in The secret life -- Ut pictura poesis -- Epilogue -- Notes -- Works cited -- Index. | |
| 600 | 1 | 0 |
_aDaliÌ, Salvador, _d1904-1989. _tVie secreÌ€te de Salvador DaliÌ. _94565 |
| 650 | 1 | 0 |
_aArtists _zSpain _xHistory and criticism. _94566 |
| 650 | 1 | 0 |
_aAutobiography. _94567 |
| 942 |
_aSADA _cBK _k709.2 GAR 2009 _2ddc |
||
| 999 |
_c353060 _d353060 |
||